000 02260nam0a2200349 4500
001 RU\NLR\BIBL_A\012530911
005 20210628151657.0
010 _a978-5-9984-1273-8
_9500
021 _aRU
_bКН-П-21-000718
_9КН-П-21-0046
035 _a(NLR Aleph) 012530911
035 _a(RuMoRGB)010551714
090 _a12364355
_c12364355
100 _a20210528d2020 u y0rusy50 ca
101 0 _arus
102 _aRU
105 _aa|||j|||000zy
181 0 _ai
_baxxe
182 0 _an
200 1 _aГосударственное регулирование инновационной экономики
_eучебное пособие
_eдля студентов бакалавриата, обучающихся по образовательным программам высшего образования укрупненной группы направлений подготовки 38.00.00 "Экономика и управление"
_fК.В. Названова, Е.С. Прусов
_gМинистерство науки и высшего образования Российской Федерации, Федеральное государственное бюджетное образовательное учреждение высшего образования "Владимирский государственный университет имени Александра Григорьевича и Николая Григорьевича Столетовых"
203 _aТекст
_bвизуальный
_cнепосредственный
210 _aВладимир
_cИзд-во ВлГУ
_d2020
215 _a123б [1] с.
_cил., табл.
_d21
320 _aБиблиогр.: с. 106-122
606 1 _aИнновационная экономика
_jУчебные издания для высших учебных заведений
_yРоссийская Федерация
_92110808
_3RU\NLR\AUTH\661579190
686 1 _aУ9(2)-55(2Р)я73
700 1 _aНазванова
_bК. В.
_gКарина Владимировна
701 1 _aПрусов
_bЕ. С.
_gЕвгений Сергеевич
942 _cBOOK
980 _aNBR
980 _aNB